Gināns : (Record no. 52470)

MARC details
000 -LEADER
fixed length control field 01428nam a22003257a 4500
005 - DATE AND TIME OF LATEST TRANSACTION
control field 20110518124455.0
008 - FIXED-LENGTH DATA ELEMENTS--GENERAL INFORMATION
fixed length control field 110518t xxu||||| |||| 00| 0 eng d
010 ## - LCCN (DPL NO)
LC control number ENG-102488
020 ## - INTERNATIONAL STANDARD BOOK NUMBER
International Standard Book Number 9788190891875
Terms of availability 795.00
035 ## - SYSTEM CONTROL NUMBER
System control number EN-86021
037 ## - SOURCE OF ACQUISITION
Source of stock number/acquisition DBAD/PUB
040 ## - CATALOGING SOURCE
Original cataloging agency dpl
Language of cataloging Eng
082 ## - DEWEY DECIMAL CLASSIFICATION NUMBER
Classification number 297.4380954
100 ## - MAIN ENTRY--PERSONAL NAME
9 (RLIN) 25528
245 ## - TITLE STATEMENT
Title Gināns :
Statement of responsibility, etc edited by Tazim R. Kassam [and] Françoise Mallison
Remainder of title texts and contexts : essays on Ismaili hymns from South Asia in honour of Zawahir Moir /
250 ## - EDITION STATEMENT
Edition statement Rev. ed
260 ## - PUBLICATION, DISTRIBUTION, ETC. (IMPRINT)
Place of publication, distribution, etc Delhi
Name of publisher, distributor, etc Primus Books
Date of publication, distribution, etc 2010
270 ## - ADDRESS
Address Virat Bhavan, Mukherjee Nagar Commercial Complex
City Delhi
Postal code 110009
300 ## - PHYSICAL DESCRIPTION
Extent xxvi, 225 p., [1] leaf of plate :
Dimensions 25 cm (Hb)
Other physical details col. ill.
Accompanying material 1 CD -ROM
500 ## - GENERAL NOTE
General note Includes bibliographical references and index.
500 ## - GENERAL NOTE
General note Based on presentations at a conference on Apr. 6-7, 2002 in France
546 ## - LANGUAGE NOTE
Language note Includes Gināns text in Gujarati and Urdu
Information code or alphabet (roman)
650 ## - SUBJECT ADDED ENTRY--TOPICAL TERM
Topical term or geographic name as entry element Ginans
9 (RLIN) 28151
General subdivision History and criticism
Form subdivision Congresses.
650 ## - SUBJECT ADDED ENTRY--TOPICAL TERM
Topical term or geographic name as entry element Indic poetry
General subdivision History and criticism
9 (RLIN) 28152
Form subdivision Congresses.
700 ## - ADDED ENTRY--PERSONAL NAME
Personal name Moir, Zawahir
9 (RLIN) 28153
700 ## - ADDED ENTRY--PERSONAL NAME
Personal name Kassam, Tazim R
9 (RLIN) 28154
700 ## - ADDED ENTRY--PERSONAL NAME
Personal name Mallison, Françoise
9 (RLIN) 28155
942 ## - ADDED ENTRY ELEMENTS (KOHA)
Source of classification or shelving scheme Dewey Decimal Classification
Item type English Books
Classification part 297.4380954
Call number suffix GIN
Holdings
Withdrawn status Lost status Source of classification or shelving scheme Damaged status Not for loan Collection code Home library Current library Date acquired Source of acquisition Cost, normal purchase price Total Checkouts Full call number Barcode Date last seen Copy number Cost, replacement price Koha item type
    Dewey Decimal Classification   Not For Loan Non-fiction D.B.Act.Division D.B.Act.Division 18/05/2011 DBAD/PUB 795.00   297.4380954 GIN EN-86021 18/05/2011 1 795.00 English Books

© Delhi Public Library
Hit Counter
free hit counter